Countries with top 100 female tennis players - Statistics

General Stats
  • This quiz has been taken 78 times
  • The average score is 22 of 29
Answer Stats
# of players Answer % Correct
14 Russia
98%
3 UK
98%
14 USA
98%
4 Spain
97%
7 China
95%
3 Poland
95%
5 Italy
94%
1 Canada
91%
6 France
89%
3 Germany
89%
1 Japan
89%
3 Belgium
82%
1 Brazil
82%
8 Czechia
82%
1 Greece
77%
1 Netherlands
76%
2 Switzerland
74%
1 Slovakia
73%
2 Argentina
71%
2 Belarus
71%
5 Ukraine
70%
2 Croatia
68%
1 Denmark
67%
3 Romania
64%
1 Latvia
53%
1 Tunisia
48%
1 Colombia
47%
2 Kazakhstan
38%
1 Egypt
35%
No matching quizzes found
Score Distribution
Percent of People with Each Score
Percentile by Number Answered
Your Score History
You have not taken this quiz